[Event "Pula op 11th"]
[Site "Pula"]
[Date "1997.??.??"]
[Round "4"]
[White "Rezek, Mirko"]
[Black "Susak, Zeljko"]
[Result "1-0"]
[WhiteElo "2235"]
[BlackElo "2235"]
[PlyCount "67"]
[EventDate "1997.05.??"]
[EventType "swiss"]
[EventRounds "9"]
[EventCountry "CRO"]
[SourceTitle "EXT 2000"]
[Source "ChessBase"]
[SourceDate "1999.11.16"]
[SourceVersion "1"]
[SourceVersionDate "1999.11.16"]
[SourceQuality "1"]

1. e4 d5 2. exd5 Nf6 3. d4 Bg4 4. Nf3 Qxd5 5. Be2 Nc6 6. 0-0 0-0-0 7. c3 Qd7 8. b4 e6 9. Nbd2 Nd5 10. Nb1 Bd6 11. b5 Na5 12. Qa4 b6 13. g3 a6 14. c4 axb5 15. cxb5 Kb7 16. Ne5 Bxe5 17. Bxg4 Bf6 18. Bf3 h5 19. Nc3 h4 20. Be3 hxg3 21. fxg3 Kb8 22. Nxd5 exd5 23. Rac1 g5 24. Bd2 Nb7 25. Rc3 Be7 26. Rf2 f6 27. Qa6 Bb4 28. Rc4 Bxd2 29. Rxd2 Rde8 30. Rdc2 Re1+ 31. Kf2 Qe7 32. R2c3 Rxh2+ 33. Bg2 Qe4 34. Qxb7+ 1-0

[Event "Pula op 11th"]
[Site "Pula"]
[Date "1997.??.??"]
[Round "2"]
[White "Rezek, Mirko"]
[Black "Waitzkin, Joshua"]
[Result "1/2-1/2"]
[WhiteElo "2235"]
[BlackElo "2440"]
[PlyCount "69"]
[EventDate "1997.05.??"]
[EventType "swiss"]
[EventRounds "9"]
[EventCountry "CRO"]
[SourceTitle "EXT 2000"]
[Source "ChessBase"]
[SourceDate "1999.11.16"]
[SourceVersion "1"]
[SourceVersionDate "1999.11.16"]
[SourceQuality "1"]

1. e4 c5 2. Nf3 d6 3. d4 cxd4 4. Nxd4 Nf6 5. Nc3 Nc6 6. Bg5 e6 7. Qd2 a6 8. 0-0-0 h6 9. Be3 Be7 10. f4 Nxd4 11. Qxd4 b5 12. Be2 Qa5 13. a3 Bb7 14. Bf3 Rd8 15. Qa7 Qc7 16. Bb6 Qb8 17. Qxb8 Rxb8 18. Bc7 Kd7 19. Bxb8 Rxb8 20. e5 Bxf3 21. gxf3 Ne8 22. exd6 Nxd6 23. Ne4 Kc6 24. Rd3 Nc4 25. Rhd1 Rb7 26. c3 Rc7 27. h3 g6 28. Nd2 Nb6 29. Nb3 Nd5 30. Nd4+ Kb6 31. Ne2 Bc5 32. Rxd5 exd5 33. Rxd5 Re7 34. Kd2 Kc6 35. Rd8 1/2-1/2